Biggest soccer stadiums in Lebanon - Statistics

General Stats
  • This quiz has been taken 46 times
  • The average score is 2 of 10
Answer Stats
Hint City/Town Capacity Answer % Correct
1 Beirut 47 799 Camille Chamoun
81%
8 Beirut 4 000 Safa
34%
4 Beirut 18 000 Beirut municipal
25%
3 Tripoli 22 000 Tripoli municipal
19%
5 Beirut 10 500 Bourj Hammoud
13%
9 Bhamdoun 3 500 Amin Abdelnour
9%
2 Sidon 22 600 Sidon international
6%
10 Zgharta 3 500 Zgharta sport complex
6%
6 Beirut 5 000 Al manara
3%
7 Jounieh 5 000 Foad Shehab
3%
No matching quizzes found
Score Distribution
Percent of People with Each Score
Percentile by Number Answered
Your Score History
You have not taken this quiz